<The> "EU factor" and Slovakia's globalization: The role of foreign direct investment

Salvato in:
Dettagli Bibliografici
Autore principale: Javorcik, Beata Smarzynska
Altri autori: Kaminski, Bartlomiej
Natura: Capitolo di libro
Lingua:inglese
Soggetti:
Tags: Aggiungi Tag
Nessun Tag, puoi essere il primo ad aggiungerne!!

MARC

LEADER 00000naa$a2200000$$$4500
001 0026113
005 20231010100021.2
041 0 |a eng 
044 |a CZ 
245 1 0 |a <The> "EU factor" and Slovakia's globalization: The role of foreign direct investment  |c Beata S. Javorcik, Bartlomiej Kaminski 
610 2 0 |a globalizácia 
610 2 0 |a Slovensko 
610 2 0 |a Európska únia 
610 2 0 |a investície priame zahraničné 
610 2 0 |a obchod zahraničný 
610 2 0 |a vývoz 
100 1 |a Javorcik, Beata Smarzynska 
700 1 |a Kaminski, Bartlomiej